Actors who worked with Jon Turteltaub - Statistics

General Stats
  • This quiz has been taken 12 times
  • The average score is 14 of 76
Answer Stats
Film(s) Answer % Correct
National Treasure, National Treasure: Book of Secrets, The Sorcerer's Apprentice Nicolas Cage
100%
National Treasure, National Treasure: Book of Secrets Diane Kruger
55%
The Meg Jason Statham
55%
The Sorcerer's Apprentice Jay Baruchel
45%
Last Vegas Robert De Niro
45%
National Treasure Sean Bean
45%
The Sorcerer's Apprentice Toby Kebbell
45%
Cool Runnings Doug E. Doug
36%
Cool Runnings John Candy
36%
National Treasure, National Treasure: Book of Secrets Jon Voight
36%
Last Vegas Kevin Kline
36%
Last Vegas Morgan Freeman
36%
The Sorcerer's Apprentice Alfred Molina
27%
National Treasure: Book of Secrets Ed Harris
27%
While You Were Sleeping Glynis Johns
27%
National Treasure: Book of Secrets Helen Mirren
27%
Phenomenon John Travolta
27%
National Treasure, National Treasure: Book of Secrets Justin Bartha
27%
Last Vegas Michael Douglas
27%
Instinct Anthony Hopkins
18%
While You Were Sleeping Bill Pullman
18%
National Treasure: Book of Secrets Bruce Greenwood
18%
Disney's The Kid Bruce Willis
18%
Instinct Cuba Gooding Jr.
18%
Disney's The Kid Emily Mortimer
18%
National Treasure, National Treasure: Book of Secrets Harvey Keitel
18%
3 Ninjas Max Elliott Slade
18%
3 Ninjas Michael Treanor
18%
Trabbi Goes to Hollywood Michelle Johnson
18%
The Sorcerer's Apprentice Monica Bellucci
18%
While You Were Sleeping Peter Gallagher
18%
The Meg Rainn Wilson
18%
While You Were Sleeping Sandra Bullock
18%
Disney's The Kid Spencer Breslin
18%
The Sorcerer's Apprentice Alice Krige
9%
National Treasure: Book of Secrets Alicia Coppola
9%
Trabbi Goes to Hollywood Billy Dee Williams
9%
Phenomenon Brent Spiner
9%
Disney's The Kid Chi McBride
9%
National Treasure Christopher Plummer
9%
Think Big Claudia Christian
9%
The Meg Cliff Curtis
9%
Think Big David Carradine
9%
Think Big David Paul
9%
Trabbi Goes to Hollywood Dom DeLuise
9%
Instinct Donald Sutherland
9%
The Sorcerer's Apprentice Ethan Peck
9%
Phenomenon Forest Whitaker
9%
Instinct George Dzundza
9%
Trabbi Goes to Hollywood George Kennedy
9%
While You Were Sleeping Jack Warden
9%
Trabbi Goes to Hollywood James Tolkan
9%
Disney's The Kid Jeri Ryan
9%
Instinct John Ashton
9%
Phenomenon Kyra Sedgwick
9%
Cool Runnings Leon
9%
The Meg Li Bingbing
9%
Disney's The Kid Lily Tomlin
9%
Think Big Martin Mull
9%
Last Vegas Mary Steenburgen
9%
Instinct Maura Tierney
9%
While You Were Sleeping Peter Boyle
9%
Think Big Peter Paul
9%
The Sorcerer's Apprentice Peyton List
9%
Think Big Richard Kiel
9%
The Meg Ruby Rose
9%
The Sorcerer's Apprentice Teresa Palmer
9%
Trabbi Goes to Hollywood Thomas Gottschalk
9%
National Treasure: Book of Secrets Ty Burrell
9%
3 Ninjas Victor Wong
9%
The Meg Winston Chao
9%
The Sorcerer's Apprentice Ian McShane
0%
Cool Runnings Malik Yoba
0%
Disney's The Kid Matthew Perry
0%
Trabbi Goes to Hollywood Morton Downey, Jr.
0%
Phenomenon Robert Duvall
0%
No matching quizzes found
Score Distribution
Percent of People with Each Score
Percentile by Number Answered
Your Score History
You have not taken this quiz